Normal view
MARC view
Entry Personal Name
001 - CONTROL NUMBER
- control field: 976
003 - CONTROL NUMBER IDENTIFIER
- control field: NLI
005 - DATE AND TIME OF LATEST TRANSACTION
- control field: 20210204141315.0
008 - FIXED-LENGTH DATA ELEMENTS
- fixed length control field: 210204|| aca||aabn | a|a d
040 ## - CATALOGING SOURCE
- Original cataloging agency: NLI
- Transcribing agency: NLI
100 ## - HEADING--PERSONAL NAME
- Personal name: Shukla, Bana Bihari
670 ## - SOURCE DATA FOUND
- Source citation: Work cat.: (NLI): Shukla, Bana Bihari, Service to the Suffering Humanity : A product based on my intensive works for the people., 2020
